000 00318nam a2200133 i 4500
001 bg
100 1 _aZAGÓRSKI, A.
245 0 _aPodstawy teoretyczne rachunku błędów /
_cA. Zagórski.
260 _aWarszawa,
_c1969.
040 _cBPK
041 _apol
942 _cKS
008 s pl f |000 0 pol
999 _c10567
_d10567
856 _uhttp://koha.tu.koszalin.pl/cgi-bin/koha/opac-detail.pl?biblionumber=10567
_yKatalog online BPK